| 000 | 00362nam a22001217a 4500 | ||
|---|---|---|---|
| 008 | 230801b |||||||| |||| 00| 0 eng d | ||
| 020 | _a9789290229353 | ||
| 082 | _a614.59 | ||
| 245 |
_aThe people's pandemic: _bHow the Himalayan Kingdom of Bhutan staged a world-class response to COVID-19 |
||
| 260 | _bMoH Bhutan & WHO | ||
| 300 |
_a124 p. _c26.5 cm |
||
| 942 | _2ddc | ||
| 999 |
_c9638 _d9639 |
||